MDQL
is popping MORE tags! Check the
thread
!
Quizzes
Events
Quiz Creation
Community
Videos
Private Events
Remove Ads
Sign In
Join for FREE
Feedback
Dark Mode
Quiz Categories
Sports
Geography
Music
Movies
Television
Just For Fun
Miscellaneous
History
Literature
Language
Science
Gaming
Entertainment
Religion
Holiday
For Kids
Quiz Lab
Recent
Popular Today
Quiz Kudos Today
Editor Picks
Curator Picks
Quizzes by...
Day
Popularity
Type
Ratings
Length
Year
Community
Subscriptions
Recent Discussions
Orange Saloon
Badges
Playlists
Quests
Create
Leaderboards
Showdown
Live 5
Trivia Bingo
Activity
Puzzle Library
Sporcle Events
Private Events
Virtual Trivia
Globe League
Become a Host
Pub Owners
SporcleCon
Opinionation
Our Games
Videos
Blog
Mobile Apps
Partnerships
Remove Ads and Go Orange
Feedback
Just For Fun
Clickable
Get the Picture
Humor
Quick Pick
Word Ladder
Missing Word
Mixed Word
Blitz
Minefield
This or That
Alphabet
Color
Typing
Sporcle
Puzzle
Word Play
Follow That Line
Logic
Just For Fun
Clickable
Get the Picture
Humor
Quick Pick
Word Ladder
Missing Word
Mixed Word
Blitz
Minefield
This or That
Alphabet
Color
Typing
Sporcle
Puzzle
Word Play
Follow That Line
Logic
Random Quiz
Search Sporcle
×
Featured
Featured
Just For Fun
Animation
Click on answers out of a set of options
Click on answers out of a set of options
Multiple Choice
Best Score? Go Orange.
Get the Picture: Papa, Pepé, or Pippi? Stats
Can you choose the correct character for each piece of trivia?
By
Barbecue
2m
15 Questions
2,611 Plays
2,611 Plays
2,611 Plays
Comments
Comments
Give Quiz Kudos
Give Quiz Kudos
-
- Ratings
hide this ad
Replay
Link that replays current quiz
Next Quiz
Link to next quiz in quiz playlist
You Got
0%
They Got
Avg Score
84%
Avg Friend Score
Upgrade to see
Score Distribution
Jump to the score distribution portion of the page
Score
0/15
Timer
02:00
0
Plays Today
Question
Answer
Wrong Answers
Franchise
The Smurfs
Papa
95.9%
Pepé
0.7%
Pippi
0.4%
Friend
Smurfette
Papa
95.3%
Pepé
0.7%
Pippi
0.8%
Franchise
_____ Longstocking
Pippi
95.2%
Papa
0.7%
Pepé
1.2%
Franchise
Looney Tunes
Pepé
94.9%
Papa
1.4%
Pippi
0.6%
Occupation
Village Elder
Papa
94.5%
Pepé
1.1%
Pippi
1%
Occupation
Independent Orphan
Pippi
94.4%
Papa
1.3%
Pepé
1.1%
Voiced by
Melissa Altro
Pippi
90%
Papa
2.7%
Pepé
3.9%
Occupation
Womanizer
Pepé
89%
Papa
5%
Pippi
2.4%
Voiced by
Mel Blanc
Pepé
88.2%
Papa
6.3%
Pippi
2.2%
Creator
Astrid Lindgren
Pippi
84.9%
Papa
8%
Pepé
3.8%
Friend
Mr. Nilsson
Pippi
83.2%
Papa
7.3%
Pepé
5.5%
Creator
Chuck Jones
Pepé
71.5%
Papa
18.5%
Pippi
6.4%
Voiced by
Mandy Patinkin
Papa
65.9%
Pepé
12.7%
Pippi
17.1%
Friend
Penelope
Pepé
62.5%
Papa
3.5%
Pippi
30.6%
Creator
Peyo
Papa
59.8%
Pepé
22.6%
Pippi
12.3%
Quiz Playlist
Details
Report
Send in Message
Add To Playlist
Multiple Choice:
Click on answers out of a set of options
Last Updated: Jul 25, 2020
Featured
Previous Get the Picture
Next Get the Picture
Play Today's Daily Dose
Quiz Scoreboard
CHALLENGE
Sign Up to Join the Scoreboard
Show All
Scores
Hide
Comments
May contain spoilers
Recently Published
Colored Red Africa Blitz
by spor1
Geography
30s
Find the 'City' Movie
by crazypaving
Movies
60s
5x2 Blitz: Bands
by SL_Kpop136
Music
30s
More to Explore
Quiz From the Vault
Featured Blog Post
14 Easter Pick-up Lines to Find Eggs With
hide this ad
You Might Also Like...
Tags
Animation Quiz
Cartoons Quiz
Children's Books Quiz
Get the Picture Quiz
This or That Quiz
Today's Top Quizzes in Just For Fun
Browse Just For Fun
hide this ad
Today's Top Quizzes in Animation
Browse Animation
Top Contributed Quizzes in Just For Fun
1
Avatar the Last Airbender: Logic Puzzle
2
Name Just One - 10 to 1: Just For Fun
3
Missing Word: 2-Letter A-Z II
4
Missing Letter Whitney Houston Songs
5
Survivor Winners Logic Puzzle
6
Shadowhunters Protagonists Logic Quiz
7
Quick 5-Color Logic (18)
8
Medium Renzoku Puzzle 11
9
It's Magic / Witchcraft 🎩🪄🧙♀️
10
Killer Double Trees 224 - Colour Match-Up
Explore More
Trending Topics
Disney
Kpop
Crossword
Marvel
Anime
Harry Potter
NBA
NFL
WWE
Soccer
Country
The Office
Song
Puzzle
Pokémon
hide this ad
More By:
Barbecue
Quiz
Plays
Rating
Category
Featured
Created
Blind Ultimate Minefield: Europe
1,023,038
3.16
Geography
Aug 30, 2020
Blind Ultimate Minefield: USA
730,528
3.23
Geography
Sep 9, 2020
Blind Ultimate Minefield: World
422,313
3.48
Geography
Dec 24, 2020
Blind Ultimate Minefield: Africa
361,608
4.01
Geography
Sep 1, 2020
Blind Ultimate Minefield: Asia
298,769
3.26
Geography
Sep 2, 2020
Go to Creator's Profile
Score Distribution
Quiz Creator Spotlight
Barbecue
Follow
Send a Message
Quizzes Created
-
Created Quiz Play Count
-
More By This Creator
Popular Quizzes Today
1
Colored Red Africa Blitz
2
Find the 'City' Movie
3
5x2 Blitz: Bands
4
Find the US States - No Outlines Minefield
5
The Countries of the World
6
Find the US States
7
US States
8
Find the Countries of Europe - No Outlines Minefield
More Just For Fun Quizzes
Missing Word: George Strait (A-Z)
Published
Trending Quizzes
Colored Red Europe Blitz I
Colored Red Europe Blitz II
Colored Red Africa Blitz II
Colored Red Europe Blitz III
Colored Red Africa Blitz III
Recently Updated
How Do You Spell That?
pecheneg
Godzilla Movies
pecheneg
Grab Bag: 4-10 Letters
pecheneg
2024 March Madness Bracket
pecheneg
Famous TV Couples
Peacemaker
Champions League XIs: Real Madrid
pecheneg
Largest US Cities 1790-2010
pecheneg
Rides in Walt Disney World
pecheneg
Most Oscar Losses (Acting)
pecheneg
Beyoncé Albums
pecheneg
Trending Topics
Harry Potter
Kpop
Anime
Crossword
NBA
Marvel
Disney
Country
NFL
The Office
WWE
Song
Soccer
Pokémon
Puzzle
Your Account Isn't Verified!
In order to create a playlist on Sporcle, you need to verify the email address you used during registration. Go to your
Sporcle Settings
to finish the process.
Report this User
Report this user for behavior that violates our
Community Guidelines
.
Details:
Send Report
Go to the Sporcle.com Mobile Site →
Comments